000 00777cam a22002533a 4500
001 2107
003 PGUSA
005 20140828083010.0
008 080616s2008||||xxu|||||s|||||000 | eng d
040 _aPGUSA
_beng
042 _adc
050 4 _aDD
100 1 _aCarlyle, Thomas,
_d1795-1881
245 1 0 _aHistory of Friedrich II of Prussia — Volume 07
_h[electronic resource] /
_cThomas Carlyle
260 _bProject Gutenberg,
_c2008
506 _aPublic domain in the USA.
516 _aElectronic text
653 _aFrederick II, King of Prussia, 1712-1786
653 _aSocial problems
653 _aPrussia (Germany) -- History -- Frederick II, 1740-1786
830 0 _aProject Gutenberg
_v2107
856 4 0 _uhttp://www.gutenberg.org/ebooks/2107
942 _cEB
999 _c231445
_d231445